Cikgu Paling Berhantu (No. rekod 1635)

000 -LEADER
fixed length control field 01708nam a22002177a 4500
003 - CONTROL NUMBER IDENTIFIER
control field KPN
005 - DATE AND TIME OF LATEST TRANSACTION
control field 20250909152037.0
008 - FIXED-LENGTH DATA ELEMENTS--GENERAL INFORMATION
fixed length control field 240611b |||||||| |||| 00| 0 my d
020 ## - INTERNATIONAL STANDARD BOOK NUMBER
International Standard Book Number 9789670411439
Qualifying information paperback
Terms of availability RM17.00
040 ## - CATALOGING SOURCE
Original cataloging agency KPN
Transcribing agency my
Description conventions rda
082 ## - DEWEY DECIMAL CLASSIFICATION NUMBER
Edition number 23
Classification number BM FK AIN 2015
090 ## - LOCALLY ASSIGNED LC-TYPE CALL NUMBER (OCLC); LOCAL CALL NUMBER (RLIN)
Classification number (OCLC) (R) ; Classification number, CALL (RLIN) (NR) BM FK AIN 2015
Local cutter number (OCLC) ; Book number/undivided call number, CALL (RLIN) AIN
100 ## - MAIN ENTRY--PERSONAL NAME
Personal name Ain Maisarah,
Relator term author
Dates associated with a name 1982-
245 ## - TITLE STATEMENT
Title Cikgu Paling Berhantu
Statement of responsibility, etc. Ain Maisarah, Eima Manan
260 ## - PUBLICATION, DISTRIBUTION, ETC.
Place of publication, distribution, etc. Batu Caves, Selangor
Name of publisher, distributor, etc. Blink Book Sdn Bhd
Date of publication, distribution, etc. 2015
300 ## - PHYSICAL DESCRIPTION
Extent 239 ms :
Other physical details illustrations
Dimensions 19 cm
500 ## - GENERAL NOTE
General note Sempena menyambut Hari Guru 16 Mei dua minggu lagi, Cikgu Nazha selaku guru sidang redaksi majalah Sekolah Sri Bangsar telah memberi tugasan kepada semua ahli buletin untuk menulis artikel Guru Paling. Setiap ahli diberi pilihan untuk menulis tentang artikel seorang guru sahaja. Lima artikel tentang Guru Paling akan dimuatkan ke dalam majalah sekolah. Betty dan Wilma bersaing untuk merebut tempat kelima teratas dan saling mahu tunjuk taring dalam penulisan artikel kali ini.<br/><br/>Malang tidak berbau, Betty pula ditimpa kemalangan semasa mahu menyiapkan tugasan buletin tentang artikel Guru Paling. Namun kemalangan itu meragukan Betty sendiri.<br/><br/>“Apa yang peliknya?” tanya Milah dengan bersungguh-sungguh.<br/><br/>“Saya dapat rasa ada tangan yang menolak saya sampai jatuh tangga itu. Bila saya ingat balik peristiwa yang memeritkan itu, saya rasa itu cuma khayalan sahaja. Tetapi jauh di sudut hati, saya yakin seperti ada orang yang menolak saya dari belakang.” Betty bersungguh-sungguh bercerita tentang pengalamannya jatuh tangga.<br/><br/>Semua sudah meremang bulu roma.<br/><br/>
650 ## - SUBJECT ADDED ENTRY--TOPICAL TERM
Source of heading or term Malay fiction
700 ## - ADDED ENTRY--PERSONAL NAME
Personal name Eima Manan
Relator term author.
942 ## - ADDED ENTRY ELEMENTS (KOHA)
Source of classification or shelving scheme
Koha item type Book
Suppress in OPAC No
Pemilik
Withdrawn status Lost status Source of classification or shelving scheme Damaged status Not for loan Collection code Home library Current library Shelving location Date acquired Total Checkouts Full call number Barcode Date last seen Price effective from Koha item type
          Fiction Perpustakaan Kementerian Perpaduan Malaysia Perpustakaan Kementerian Perpaduan Malaysia Children Fiction Rack 09/09/2025   BM FK AIN 2015 KPN25090011 09/09/2025 09/09/2025 Book